000 02911nam a22003017a 4500
003 OSt
005 20260409103855.0
008 260409t2012 xxu||||| |||| 00| 0 spa d
020 _a9788494034619
040 _aUnicoc
_bspa
_c00001
_d00001
082 _a615.19
100 _912872
_a Álvarez, Javier Soto
245 _aEvaluación económica de medicamentos y tecnologías sanitarias
_b: Principios, métodos y aplicaciones en política sanitaria
_c/ Javier Soto Álvarez
250 _a1 Ed.
260 _aEspaña :
_bSpringer ,
_c2012
300 _a323 páginas
_bTablas
500 _aIncluye Índice y Referencias bibliográficas
505 _tCapítulo I. Fundamento e introducción a la evaluación económica de 9 medicamentos y tecnologías sanitarias. --
_tCapítulo II. Estandarización en el diseño y realización de evaluaciones económicas: recomendaciones y guías existentes. --
_tCapítulo III. Tipos de costes a incluir en una evaluación económica. --
_tCapítulo IV. Medición y evaluación de los resultados en salud en las evaluaciones económicas. --
_tCapítulo V. Estudios de coste de la enfermedad. --
_tCapítulo VI. Análisis de minimización de costes y análisis coste-consecuencia. --
_tCapítulo VII. Análisis coste-beneficio. --
_tCapítulo VIII. Análisis coste-efectividad. --
_tCapítulo IX. Análisis coste-utilidad. --
_tCapítulo X. Análisis de impacto presupuestario. --
_tCapítulo XI. Análisis e interpretación de los resultados de las evaluaciones económicas. Reglas de decisión. --
_tCapítulo XII. Diseño y realización de evaluaciones económicas a través de modelos analíticos de decisión. --
_tCapítulo XIII. Incorporación de evaluaciones económicas en ensayos clínicos y diseños observacionales. --
_tCapítulo XIV. Análisis de sensibilidad y manejo de la incertidumbre en las evaluaciones económicas. --
_tCapítulo XV. Revisión crítica de la calidad de evaluaciones económicas publicadas. --
_tCapítulo XVI. Revisiones sistemáticas de evaluaciones económicas publicadas. --
_tCapítulo XVII. Transferencia y adaptación de los resultados de evaluaciones económicas efectuadas en un país y entorno sanitario a otros diferentes. --
_tCapítulo XVIII. Uso y aplicaciones de las evaluaciones económicas en la elaboración de políticas sobre medicamentos y tecnologías sanitarias en el Sistema Nacional de Salud de nuestro país.
526 _5Unicoc
546 _aEspañol
650 0 _99169
_aMedicamentos
_xEvaluación económica
650 0 _912873
_aFarmacoeconomía
650 0 _912874
_aTecnologías sanitarias
650 0 _912875
_aPolítica sanitaria
658 0 _98315
_aPrograma de Odontología
856 _yAcceso online exclusivo para comunidad Unicoc.
_uhttps://unicoceduco-my.sharepoint.com/:b:/g/personal/direccionbiblioteca_unicoc_edu_co/IQDnZHUvCeE4SYEHtWF-eP2HAZtIC2CQ51YuLjDwrhewV7E
942 _2ddc
_cEBOOK
999 _c10822
_d10822